Logo Biblioteca

Los detectives salvajes / (Registro nro. 558)

Detalles MARC
000 -LEADER
fixed length control field 01855nam a22002297a 4500
003 - CONTROL NUMBER IDENTIFIER
control field OSt
005 - DATE AND TIME OF LATEST TRANSACTION
control field 20250825094408.0
008 - FIXED-LENGTH DATA ELEMENTS--GENERAL INFORMATION
fixed length control field 250825b es |||||| 00| f spa d
020 ## - INTERNATIONAL STANDARD BOOK NUMBER
International Standard Book Number 978-84-204-2393-7
040 ## - CATALOGING SOURCE
Transcribing agency Besoc
080 ## - UNIVERSAL DECIMAL CLASSIFICATION NUMBER
Authority record control number or standard number 82-31(83)
100 1# - MAIN ENTRY--PERSONAL NAME
Personal name Bolaño, Roberto,
Dates associated with a name 1953-2003.
Relator term autor
245 14 - TITLE STATEMENT
Title Los detectives salvajes /
Statement of responsibility, etc. Roberto Bolaño.
250 ## - EDITION STATEMENT
Edition statement 1a ed.
260 ## - PUBLICATION, DISTRIBUTION, ETC.
Place of publication, distribution, etc. Barcelona :
Name of publisher, distributor, etc. Alfaguara,
Date of publication, distribution, etc. 2016.
300 ## - PHYSICAL DESCRIPTION
Extent 785 p. ;
Dimensions 24 cm.
490 0# - SERIES STATEMENT
Series statement Narrativa Hispánica
520 3# - SUMMARY, ETC.
Summary, etc. Todo lo que comienza como comedia indefectiblemente acaba como misterio. Dos jóvenes poetas latinoamericanos, Arturo Belano y Ulises Lima, emprenden una aventura que transcurrirá durante varias décadas y cruzará distintos países. Símbolo de la rebeldía y la necesidad de ruptura con la realidad establecida, sus vidas representan los anhelos de toda una generación. La búsqueda en 1975 de la misteriosa escritora mexicana Cesárea Tinajero, desaparecida y olvidada en los años posteriores a la revolución, sirve de inicio a un viaje sin descanso marcado por el amor, la muerte, el deseo de libertad, el humor y la literatura. En esta novela está esbozado, como si de un juego de cajas chinas se tratara, todo el deslumbrante universo literario y personal de Roberto Bolaño. Entre la narrativa detectivesca, la novela «de carretera», el relato biográfico y la crónica, Los detectives salvajes está considerada por la crítica y el público de todo el mundo como una de las mejores y más originales ficciones escritas en las últimas décadas. Ganadora de los premios Herralde y Rómulo Gallegos, en ella está esbozado, como si de un juego de cajas chinas se tratara, todo el deslumbrante universo literario y personal de Roberto Bolaño.
650 #4 - SUBJECT ADDED ENTRY--TOPICAL TERM
Topical term or geographic name entry element Literatura chilena
Chronological subdivision Siglo XX
655 #4 - INDEX TERM--GENRE/FORM
Genre/form data or focus term Novela
942 ## - ADDED ENTRY ELEMENTS (KOHA)
Source of classification or shelving scheme Universal Decimal Classification
Koha item type Libro de préstamo a domicilio
Suppress in OPAC No
Existencias
Withdrawn status Lost status Source of classification or shelving scheme Damaged status Not for loan Collection Home library Current library Date acquired Source of acquisition Total checkouts Full call number Barcode Date last seen Price effective from Koha item type
    Universal Decimal Classification     Colección General Biblioteca Escuela de Ciencias Sociales Biblioteca Escuela de Ciencias Sociales 25/08/2025 Donación Lila Peiró   82-31(83) B687 000446 25/08/2025 25/08/2025 Libro de préstamo a domicilio
Biblioteca de la Escuela Preuniversitaria en Ciencias Sociales y Humanísticas.
Riobamba 250 bis.
CP 2000 - Rosario - Santa Fe
E-Mail: biblioteca@esociales.unr.edu.ar